R for Everyone: Advanced Analytics and Graphics_2nd Edition (Record no. 38071)
[ view plain ]
| 000 -LEADER | |
|---|---|
| fixed length control field | 01573nam a22001697a 4500 |
| 020 ## - INTERNATIONAL STANDARD BOOK NUMBER | |
| ISBN | 978-0134546926 |
| 082 ## - DEWEY DECIMAL CLASSIFICATION NUMBER | |
| Classification number | 005.43(R) LAN |
| 100 ## - MAIN ENTRY--AUTHOR NAME | |
| Personal name | Jared P Lander |
| 245 ## - TITLE STATEMENT | |
| Title | R for Everyone: Advanced Analytics and Graphics_2nd Edition |
| 250 ## - EDITION STATEMENT | |
| Edition statement | 2 |
| 260 ## - PUBLICATION, DISTRIBUTION, ETC. (IMPRINT) | |
| Name of publisher | Pearson Education |
| Place of publication | New Delhi |
| Year of publication | 2025 |
| 300 ## - PHYSICAL DESCRIPTION | |
| Number of Pages | 528 Pages |
| Other physical details | Item Weight โ : โ 689 g Dimensions โ : โ 17.53 x 2.29 x 22.86 cm |
| 520 ## - SUMMARY, ETC. | |
| Summary, etc | Using the open source R language, you can build powerful statistical models to answer many of your most challenging questions. R has traditionally been difficult for non-statisticians to learn, and most R books assume far too much knowledge to be of help. R for Everyone is the solution.<br/><br/> <br/><br/>Drawing on his unsurpassed experience teaching new users, professional data scientist Jared P. Lander has written the perfect tutorial for anyone new to statistical programming and modeling. Organized to make learning easy and intuitive, this guide focuses on the 20 percent of R functionality youโll need to accomplish 80 percent of modern data tasks. Landerโs self-contained chapters start with the absolute basics, offering extensive hands-on practice and sample code. Youโll download and install R; navigate and use the R environment; master basic program control, data import, and manipulation; and walk through several essential tests. Then, building on this foundation, youโll construct several complete models, both linear and nonlinear, and use some data mining techniques. |
| 650 ## - SUBJECT ADDED ENTRY--TOPICAL TERM | |
| Topical Term | CSE |
| 942 ## - ADDED ENTRY ELEMENTS (KOHA) | |
| Koha item type | Text Book |
| 952 ## - LOCATION AND ITEM INFORMATION (KOHA) | |
| Damaged status | |
| Not for loan | |
| Withdrawn status | Collection code | Permanent Location | Current Location | Shelving location | Date acquired | Source of acquisition | Cost, normal purchase price | Inventory number | Full call number | Accession Number | Price effective from | Koha item type |
|---|---|---|---|---|---|---|---|---|---|---|---|---|
| Computer Science and Engineering | VAST Central Library | VAST Central Library | S-19/CS | 14/11/2025 | Minerva Books | 910.00 | 86 | 005.43(R) LAN | 38183 | 02/12/2025 | Text Book |